00335pab a2200133 454500008004000000100002100040245004200061260000900103300001600112362000800128650001300136700001700149773003500166180718b2005 xxu||||| |||| 00| 0 eng d aBarro, Robert J. aWhich countries have state religions? c2005 ap.1331-370. aNov aReligion aMcCleary, M. aQuarterly Journal of Economics